KUTTANWESHANATHINTE KANAPPURANGAL | കുറ്റാന്വഷണത്തിന്റെ കാണാപ്പുറങ്ങൾ (Record no. 17660)
[ view plain ]
| 000 -LEADER | |
|---|---|
| fixed length control field | 01237nam a22001817a 4500 |
| 003 - CONTROL NUMBER IDENTIFIER | |
| control field | OSt |
| 008 - FIXED-LENGTH DATA ELEMENTS--GENERAL INFORMATION | |
| fixed length control field | 230506b |||||||| |||| 00| 0 eng d |
| 041 ## - LANGUAGE CODE | |
| Language code of text/sound track or separate title | MAL |
| 082 ## - DEWEY DECIMAL CLASSIFICATION NUMBER | |
| Classification number | 920 |
| Item number | RAM/KU |
| 100 ## - MAIN ENTRY--AUTHOR NAME | |
| Personal name | Ramachandran, N |
| -- | രാമചന്ദ്രൻ , എൻ |
| 245 ## - TITLE STATEMENT | |
| Title | KUTTANWESHANATHINTE KANAPPURANGAL |
| Remainder of title | കുറ്റാന്വഷണത്തിന്റെ കാണാപ്പുറങ്ങൾ |
| 250 ## - EDITION STATEMENT | |
| Edition statement | 6 |
| 260 ## - PUBLICATION, DISTRIBUTION, ETC. (IMPRINT) | |
| Place of publication | Kottayam |
| Name of publisher | DCBOOKS |
| Year of publication | 2022 |
| 300 ## - PHYSICAL DESCRIPTION | |
| Number of Pages | 287 |
| 500 ## - GENERAL NOTE | |
| General note | memoir |
| 520 ## - SUMMARY, ETC. | |
| Summary, etc | കുറ്റകൃത്യങ്ങളുടെ അന്വേഷണച്ചുമതല നിര്വ്വഹിച്ച് പരിചയസമ്പന്നനായ ഒരു ഉയര്ന്ന പോലീസ് ഉദ്യേഗസ്ഥന് ഔദ്യോഗികജീവിതത്തില്നിന്നും വിരമിച്ചതിനുശേഷം തന്റെ ഓര്മ്മയില് തങ്ങിനില്ക്കുന്ന പ്രധാനപ്പെട്ടതും അസാധാരണവുമായ അനുഭവകഥകള് തുറന്നെഴുതുന്ന പുസ്തകം. |
| 942 ## - ADDED ENTRY ELEMENTS (KOHA) | |
| Koha item type | Books |
| Withdrawn status | Lost status | Damaged status | Collection code | Home library | Current library | Shelving location | Date acquired | Cost, normal purchase price | Full call number | Accession Number | Koha item type |
|---|---|---|---|---|---|---|---|---|---|---|---|
| Fiction | KAUAET | KAUAET | Fiction | 06/05/2023 | 320.00 | 920 RAM/KU | 26221 | Books |
